लोकतंत्र का चीरहरण :कल आज और कल आध्यात्म-राजनीति / (Record no. 195788)
[ view plain ]
| 000 -LEADER | |
|---|---|
| fixed length control field | 01028nam a22002057a 4500 |
| 005 - DATE AND TIME OF LATEST TRANSACTION | |
| control field | 20231012161745.0 |
| 010 ## - LCCN (DPL NO) | |
| LC control number | HIN-125093-94 |
| 020 ## - INTERNATIONAL STANDARD BOOK NUMBER | |
| Terms of availability | 600.00 |
| International Standard Book Number | 9789381869130 (भा-1) |
| 020 ## - INTERNATIONAL STANDARD BOOK NUMBER | |
| Terms of availability | 750.00 |
| International Standard Book Number | 9789381869147 (भा-2) |
| 020 ## - INTERNATIONAL STANDARD BOOK NUMBER | |
| Terms of availability | 1350.00 |
| International Standard Book Number | 9789381869154 सम्पूर्ण सैट) |
| 035 ## - SYSTEM CONTROL NUMBER | |
| System control number | HN-97439-40 |
| 037 ## - SOURCE OF ACQUISITION | |
| Source of stock number/acquisition | DBAD/PUB |
| 082 ## - DEWEY DECIMAL CLASSIFICATION NUMBER | |
| Classification number | 321.80 |
| 100 ## - MAIN ENTRY--PERSONAL NAME | |
| Personal name | ठाकरान,सुरेश |
| 245 ## - TITLE STATEMENT | |
| Title | लोकतंत्र का चीरहरण :कल आज और कल आध्यात्म-राजनीति / |
| Statement of responsibility, etc | सुरेश ठाकरान |
| 260 ## - PUBLICATION, DISTRIBUTION, ETC. (IMPRINT) | |
| Place of publication, distribution, etc | दिल्ली |
| Date of publication, distribution, etc | 2016 |
| Name of publisher, distributor, etc | पुष्पांजलि प्रकाशन |
| 270 ## - ADDRESS | |
| City | दिल्ली |
| Address | एल-46,गली न.-5,शिवाजी मार्ग, करतार नगर, |
| Postal code | 110053 |
| 300 ## - PHYSICAL DESCRIPTION | |
| Extent | 2भाग-(288पृ.;368पृ.) |
| Dimensions | 22सेमी (सजिल्द) |
| 942 ## - ADDED ENTRY ELEMENTS (KOHA) | |
| Source of classification or shelving scheme | Dewey Decimal Classification |
| Item type | Hindi Books |
| Classification part | 321.80 |
| Call number suffix | ठाकरा |
| Withdrawn status | Lost status | Materials specified (bound volume or other part) | Not for loan | Collection code | Home library | Current library | Date acquired | Source of acquisition | Cost, normal purchase price | Full call number | Barcode | Copy number | Cost, replacement price | Koha item type |
|---|---|---|---|---|---|---|---|---|---|---|---|---|---|---|
| भा-2 | Non-fiction | Shahdara Branch | Shahdara Branch | 24/04/2023 | DBAD/PUB | 750.00 | 321.80 ठाकरा | HN-97440 | 1 | 750.00 | Hindi Books | |||
| भा-1 | Non-fiction | Vinoba Puri | Vinoba Puri | 24/04/2023 | DBAD/PUB | 600.00 | 321.80 ठाकरा | HN-97439 | 1 | 600.00 | Hindi Books |
